<?xml version="1.0" encoding="UTF-8"?><collection xmlns="info:lc/xmlns/marcxchange-v2"><record format="Unimarc" type="bibliographic"><leader>00955cam  2200277   450 </leader><controlfield tag="001">1894677</controlfield><controlfield tag="003">http://id.bnportugal.gov.pt/bib/porbase/1894677</controlfield><controlfield tag="005">20030524220600.0</controlfield><datafield ind1=" " ind2=" " tag="010"><subfield code="a">0-19-861292-3</subfield><subfield code="b">vol. 1</subfield></datafield><datafield ind1=" " ind2=" " tag="010"><subfield code="a">0-19-861299-0</subfield><subfield code="b">vol. 2</subfield></datafield><datafield ind1=" " ind2=" " tag="035"><subfield code="5">96250</subfield></datafield><datafield ind1=" " ind2=" " tag="095"><subfield code="a">PTBN00805588</subfield></datafield><datafield ind1=" " ind2=" " tag="100"><subfield code="a">19931010d1993    km y0pory0103    ba</subfield></datafield><datafield ind1="0" ind2=" " tag="101"><subfield code="a">eng</subfield></datafield><datafield ind1=" " ind2=" " tag="102"><subfield code="a">US</subfield></datafield><datafield ind1="1" ind2=" " tag="200"><subfield code="a">Oxford english dictionary additions series</subfield><subfield code="f">ed. by John Simpson and Edmund Weiner</subfield></datafield><datafield ind1=" " ind2=" " tag="210"><subfield code="a">Oxford</subfield><subfield code="c">Clarendon Press</subfield><subfield code="d">1993</subfield></datafield><datafield ind1=" " ind2=" " tag="215"><subfield code="a">2 vol.</subfield><subfield code="d">24 cm</subfield></datafield><datafield ind1=" " ind2=" " tag="675"><subfield code="a">802.0-3</subfield><subfield code="3">295502</subfield></datafield><datafield ind1=" " ind2="1" tag="702"><subfield code="a">Simpson</subfield><subfield code="b">John</subfield><subfield code="4">340</subfield><subfield code="3">124785</subfield></datafield><datafield ind1=" " ind2="1" tag="702"><subfield code="a">Weiner</subfield><subfield code="b">Edmund</subfield><subfield code="4">340</subfield><subfield code="3">1399291</subfield></datafield><datafield ind1=" " ind2="0" tag="801"><subfield code="a">PT</subfield><subfield code="b">BN</subfield><subfield code="g">RPC</subfield></datafield><datafield ind1=" " ind2=" " tag="930"><subfield code="l">UCJPII</subfield><subfield code="d">03 20 OED</subfield></datafield><datafield ind1=" " ind2=" " tag="977"><subfield code="1">03=20 OED</subfield><subfield code="2">coop</subfield><subfield code="4">UCJPII</subfield><subfield code="6">mq958609</subfield><subfield code="7">bc</subfield><subfield code="8">coop</subfield><subfield code="9">UCJPII</subfield><subfield code="a">Cativo</subfield><subfield code="b">94-1467</subfield><subfield code="k">0</subfield></datafield><datafield ind1=" " ind2=" " tag="977"><subfield code="1">03=20 OED</subfield><subfield code="2">coop</subfield><subfield code="4">UCJPII</subfield><subfield code="6">mq958610</subfield><subfield code="7">bc</subfield><subfield code="8">coop</subfield><subfield code="9">UCJPII</subfield><subfield code="b">94-8065</subfield><subfield code="k">0</subfield></datafield><datafield ind1=" " ind2=" " tag="977"><subfield code="1">MN 030.8=20 SIM o</subfield><subfield code="2">coop</subfield><subfield code="4">UEBIB</subfield><subfield code="6">mq2880715</subfield><subfield code="7">bc</subfield><subfield code="8">coop</subfield><subfield code="9">UEBIB</subfield><subfield code="k">0</subfield></datafield><datafield ind1=" " ind2=" " tag="977"><subfield code="1">MN 030.8=20 SIM o</subfield><subfield code="2">coop</subfield><subfield code="4">UEBIB</subfield><subfield code="6">mq2880716</subfield><subfield code="7">bc</subfield><subfield code="8">coop</subfield><subfield code="9">UEBIB</subfield><subfield code="k">0</subfield></datafield><datafield ind1=" " ind2=" " tag="998"><subfield code="a">JP75-93</subfield></datafield></record></collection>